| 000 | 01030cam a2200181ua 4500 | ||
|---|---|---|---|
| 041 |
_aeng _h |
||
| 082 |
_a823.301 _bCEN/LA |
||
| 110 | 1 |
_aCentral institute of English and Foreign Languages . _b _c( ) |
|
| 245 |
_aLanguage through literature: A book of literature for language learning / _cCentral institute of English and Foreign languages. _hTextual Documents |
||
| 250 |
_a1 / _b. |
||
| 260 |
_aDelhi : _bOxford University Press , _c1973. |
||
| 300 | _a144 ; . | ||
| 504 | _a | ||
| 942 | _cBK | ||
| 999 |
_c2394 _d2394 |
||